New first certificate masterclass

Guardado en:
Detalles Bibliográficos
Autor principal: Haines, Simon
Formato: Libro
Lenguaje:Undetermined
Publicado: Oxford University Press 1996
Materias:
Etiquetas: Agregar Etiqueta
Sin Etiquetas, Sea el primero en etiquetar este registro!
Thư viện lưu trữ: Trung tâm Học liệu Trường Đại học Cần Thơ
LEADER 00513nam a2200181Ia 4500
001 CTU_118436
008 210402s9999 xx 000 0 und d
082 |a 428.34 
082 |b H153/Cas.2 
100 |a Haines, Simon 
245 0 |a New first certificate masterclass 
245 0 |c Simon Haines, Barbara Stewart 
260 |b Oxford University Press 
260 |c 1996 
650 |a English language 
650 |x Study and teaching 
904 |i M.Loan 
980 |a Trung tâm Học liệu Trường Đại học Cần Thơ